000 00425nam a2200169 a 4500
005 20260322212006.0
008 data
010 _a66-22261
096 _aWM 100 En27p 1966
100 1 _aEnelow, Allen J.
245 1 0 _aPsychiatry in the practice of medicine
_cAllen J. Enelow
260 _aNew York
_bOxford University
_cc1966
300 _avii, 355 p.
650 0 2 _aMedicine
_xrehabilitation
650 0 2 _aPsychiatry
001 data
999 _c112
_d112